000 00863nam a2200265 a 4500
001 BRCA_4230
005 20190320204607.0
008 110610s1957----enka######---#000-0#eng-#
041 _aeng
044 _aenk
050 4 _aNK1125
_b.C66 3
_c1957
245 1 0 _aThe Concise Encyclopaedia of Antiques
_ccompiled by the Connoisseur.
260 _aLondres
_bL.G.G. Ramsey, F.S.A.
_c1957
300 _a287 p. (v.3)
_bil.
_c25 cm.
500 _aIncluye lista de museos y galerías e índice de nombres y lugares
500 _aEnciclopedia inventariada por Banco de México como libro
500 _aVer también AM43, AM45 y O212
500 _aAM42
650 1 4 _aObjetos de arte
_vEnciclopedias
_910902
650 1 4 _aColeccionistas y colecciones
_910903
650 1 4 _aAntigüedades
_910904
710 2 _aThe Connoisseur
_910905
902 _aGFM
942 _2lcc
_cB
999 _c3941
_d3941